Obtención de pulpa a partir de raquis de palma africana por el método químico Kraft
Uloženo v:
| Hlavní autor: | |
|---|---|
| Médium: | Kniha |
| Jazyk: | Spanish |
| Vydáno: |
San José, C.R.
2011
|
| Témata: | |
| Tagy: |
Přidat tag
Žádné tagy, Buďte první, kdo vytvoří štítek k tomuto záznamu!
|
MARC
| LEADER | 00000nam a22000007a 4500 | ||
|---|---|---|---|
| 003 | 010664 | ||
| 005 | 20221231143932.0 | ||
| 008 | 151110b2011 c a|||| |||| 00| 0 spa d | ||
| 040 | |c cru CEDI | ||
| 090 | |a TFG 6492 | ||
| 100 | |9 2192 |a Leiva Saborío, Andrea | ||
| 245 | |a Obtención de pulpa a partir de raquis de palma africana por el método químico Kraft | ||
| 260 | |a San José, C.R. |c 2011 | ||
| 500 | |a Proyecto de graduación (licenciatura en ingeniería química)--Universidad de Costa Rica. Facultad de Ingeniería. Escuela de Ingeniería Química | ||
| 650 | |x PULPA DE RAQUIS DE PALMA AFRICANA |x APLICACIONES INDUSTRIALES |x PAPEL |x INDUSTRIA Y COMERCIO |x PROCESOS QUIMICOS |9 2193 | ||
| 942 | |c TFG | ||
| 999 | |c 14458 |d 14458 | ||
